Enseñanzas de los presidentes de la iglesia / (Registro nro. 12956)

Detalles MARC
000 -LEADER
fixed length control field 00595nam a22001817a 4500
003 - CONTROL NUMBER IDENTIFIER
control field DO-SdBNP
005 - DATE AND TIME OF LATEST TRANSACTION
control field 20171201103457.0
008 - FIXED-LENGTH DATA ELEMENTS--GENERAL INFORMATION
fixed length control field 171120b 2011 wau ||||| |||| 00| 0 spa d
040 ## - CATALOGING SOURCE
Original cataloging agency BPMSU
Language of cataloging spa
Transcribing agency BPMSU
092 ## - LOCALLY ASSIGNED DEWEY CALL NUMBER (OCLC)
Classification number xxxxx
Item number xxxxx
100 1# - MAIN ENTRY--PERSONAL NAME
Personal name Smith, George Albert
245 10 - TITLE STATEMENT
Title Enseñanzas de los presidentes de la iglesia /
Statement of responsibility, etc. George Albert Smith.
260 ## - PUBLICATION, DISTRIBUTION, ETC. (IMPRINT)
Place of publication, distribution, etc. Estado Unidos de América :
Name of publisher, distributor, etc. Iglesia de Jesucristo de los Santos de los últimos Días,
Date of publication, distribution, etc. 2011.
300 ## - PHYSICAL DESCRIPTION
Extent XLIV, 288 p. :
Other physical details il. :
Dimensions 23 cm.
942 ## - ADDED ENTRY ELEMENTS (KOHA)
Source of classification or shelving scheme Dewey Decimal Classification
Koha item type Libros
945 ## - LOCAL PROCESSING INFORMATION (OCLC)
a Inventariado 2017
956 ## - LOCAL ELECTRONIC LOCATION AND ACCESS (OCLC)
Host name DGARCIA
Access number 10
Existencias
Withdrawn status Lost status Source of classification or shelving scheme Damaged status Not for loan Collection code Home library Current library Date acquired Source of acquisition Total Checkouts Barcode Date last seen Price effective from Koha item type
    Dewey Decimal Classification     Colección General Biblioteca Pública Metropolitana Salomé Ureña Biblioteca Pública Metropolitana Salomé Ureña 11/20/2017 Donado   BPMSU17110265 11/20/2017 11/20/2017 Libros